000 00707nam a22002055i 4500
001 176287
003 ES-MaACL
005 20230906220035.0
008 110104s1970 sp |||| | spa d
080 _a821.134.2-97"15"
100 0 _aTeresa de Jesús,
_cSanta,
_d1515-1582
_9226510
245 1 4 _aLas fundaciones /
_cSanta Teresa ; estudio, notas y comentarios de texto por Guido Mancini.
260 _aMadrid :
_bIter,
_cD. L. 1970.
300 _a271 p. ;
_c18 cm.
490 1 _aBitácora. Biblioteca del estudiante ;
_v4
700 0 _aMancini, Guido.
_975929
830 0 _aBitácora. Biblioteca del estudiante ;
_v4
_9181903
852 _aES-MaACL
_jE-13936
_xOlim P-1892
999 _c176287
_d176287